Koncepcia vodného hospodárstva v 8. 5RP v SSM n.p., Zvolen

Bibliographic Details
Main Author: Mikšík, Ivan (Author)
Format: Article
Language:Slovak
Subjects:

MARC

LEADER 00000nab a2200000 a 4500
001 vtls000278003
003 SK-MaSNL
005 20260305020935.0
008 111202c1986 xo 0 slo
015 |a SNBRA19rr/mm-uuuuu 
035 |a CL0288121 
040 |a SNKBUCL  |b slo  |c SNKBUCL  |e AACR2 
041 0 |a slo 
044 |a xo  |c SK 
080 |a 628.1/.3  |2 1981 
080 |a 637.1/.3  |2 1981 
080 |a 504.4.054  |2 1981 
100 1 |a Mikšík, Ivan  |4 aut  |9 671765 
245 1 0 |a Koncepcia vodného hospodárstva v 8. 5RP v SSM n.p., Zvolen  |c Ivan Mikšík 
610 2 7 |a Stredoslovenské mliekarne (Zvolen. Slovensko)  |2 snkbucl  |9 186676 
650 0 7 |a vodné hospodárstvo  |2 snkbucl  |9 759 
650 0 7 |a voda  |2 snkbucl  |9 854 
651 7 |a 5311  |2 snkbucl  |9 277975 
655 7 |a články zo zborníkov  |2 snkbucl  |9 166140 
773 0 |t Šestnásta konferencia závodných a podnikových vodohospodárov  |d Žilina : Dom techniky ČSVTS, 1986 
850 |a Slovenská národná knižnica v Martine  |a MTA001 
852 |a SNK  |b KIS3GCP 
958 |a RK 
992 |a RZB 
999 |c 3283113  |d 3285043